Artistes les plus streamés de 2022 aux USA - Statistiques

Statistiques générales
  • Ce quiz a été pris 367 fois
  • Le résultat moyen est 22 sur 100
Statistiques - réponses
Rang Streams Artiste % Correct
1 6 716 M Drake
86%
32 1 718 M Rihanna
73%
3 4 803 M Taylor Swift
72%
22 2 024 M Beyoncé
69%
8 3 554 M Kanye West
64%
11 2 918 M Eminem
63%
5 3 752 M The Weeknd
62%
31 1 721 M Justin Bieber
59%
40 1 596 M Ariana Grande
57%
54 1 347 M Travis Scott
57%
13 2 667 M Kendrick Lamar
55%
60 1 169 M Nicki Minaj
50%
28 1 873 M XXXTentacion
45%
57 1 229 M Michael Jackson
44%
84 973 M Lady Gaga
42%
75 1 003 M Dua Lipa
41%
24 1 963 M Ed Sheeran
41%
21 2 236 M Billie Eilish
40%
43 1 526 M Bruno Mars
37%
9 3 424 M Future
37%
16 2 592 M Harry Styles
37%
14 2 664 M Lil Baby
37%
18 2 417 M Doja Cat
35%
4 4 154 M Bad Bunny
34%
82 976 M Katy Perry
33%
15 2 619 M Post Malone
32%
37 1 643 M Pop Smoke
31%
99 904 M Migos
30%
42 1 541 M Adele
29%
45 1 473 M BTS
29%
50 1 413 M Coldplay
29%
38 1 623 M Lil Wayne
27%
26 1 931 M Lil Uzi Vert
26%
61 1 114 M SZA
26%
68 1 036 M Young Thug
25%
35 1 696 M Imagine Dragons
24%
48 1 439 M The Beatles
24%
39 1 618 M Olivia Rodrigo
23%
69 1 035 M Queen
23%
2 5 412 M YoungBoy NBA
23%
83 975 M Lana Del Rey
22%
6 3 746 M Juice WRLD
21%
33 1 704 M Gunna
20%
55 1 304 M Megan Thee Stallion
20%
96 916 M AC DC
18%
64 1 086 M DaBaby
18%
17 2 422 M J. Cole
18%
52 1 379 M Maroon 5
18%
36 1 671 M Tyler, The Creator
18%
30 1 791 M Chris Brown
17%
73 1 008 M Kane Brown
17%
58 1 185 M DJ Khaled
15%
92 928 M One Direction
15%
51 1 389 M Playboi Carti
15%
10 3 011 M Lil Durk
14%
65 1 069 M 2Pac
13%
66 1 064 M Kid Cudi
12%
94 917 M Lil Peep
12%
90 934 M Roddy Ricch
12%
29 1 810 M Mac Miller
11%
76 999 M Metallica
11%
85 964 M Usher
11%
59 1 179 M Frank Ocean
10%
95 917 M Lil Tjay
10%
34 1 701 M Jack Harlow
9%
23 1 964 M Polo G
9%
19 2 402 M Kodak Black
8%
56 1 242 M Trippie Redd
8%
88 937 M Red Hot Chili Peppers
6%
41 1 595 M Yeat
6%
70 1 034 M Gucci Mane
5%
97 915 M Halsey
5%
81 976 M Khalid
5%
93 923 M Linkin Park
5%
89 937 M Summer Walker
5%
7 3 721 M Morgan Wallen
4%
74 1 004 M Steve Lacy
4%
47 1 461 M A Boogie wit da Hoodie
3%
78 997 M Brent Faiyaz
3%
62 1 110 M King Von
3%
91 933 M Machine Gun Kelly
3%
79 996 M Meek Mill
3%
71 1 032 M The Neighbourhood
3%
67 1 057 M Fleetwood Mac
2%
80 982 M Glass Animals
2%
77 997 M Luke Bryan
2%
20 2 333 M Luke Combs
2%
49 1 420 M Moneybagg Yo
2%
44 1 483 M Zach Bryan
2%
86 952 M AJR
1%
46 1 469 M Chris Stapleton
1%
98 912 M Jhené Aiko
1%
25 1 959 M Kevin Gates
1%
63 1 102 M NF
1%
87 941 M Panic! at the Disco
1%
12 2 845 M Rod Wave
1%
27 1 891 M Suicideboys
1%
72 1 028 M Young Dolph
1%
100 897 M George Strait
0%
53 1 352 M Jason Aldean
0%
Aucun quiz correspondant
Distribution des résultats
% des personnes avec chaque résultat
Percentile par nombre de réponses
Votre historique - résultats
Vous n’avez pas pris ce quiz